<?xml version="1.0" encoding="UTF-8"?><?xml-stylesheet type="text/xsl" href="static/style.xsl"?><OAI-PMH xmlns="http://www.openarchives.org/OAI/2.0/" xmlns:xsi="http://www.w3.org/2001/XMLSchema-instance" xsi:schemaLocation="http://www.openarchives.org/OAI/2.0/ http://www.openarchives.org/OAI/2.0/OAI-PMH.xsd"><responseDate>2026-04-14T13:02:31Z</responseDate><request verb="GetRecord" identifier="oai:uvadoc.uva.es:10324/57230" metadataPrefix="marc">https://uvadoc.uva.es/oai/request</request><GetRecord><record><header><identifier>oai:uvadoc.uva.es:10324/57230</identifier><datestamp>2022-11-18T20:06:11Z</datestamp><setSpec>com_10324_38</setSpec><setSpec>col_10324_852</setSpec></header><metadata><record xmlns="http://www.loc.gov/MARC21/slim" xmlns:doc="http://www.lyncode.com/xoai" xmlns:xsi="http://www.w3.org/2001/XMLSchema-instance" xmlns:dcterms="http://purl.org/dc/terms/" xsi:schemaLocation="http://www.loc.gov/MARC21/slim http://www.loc.gov/standards/marcxml/schema/MARC21slim.xsd">
<leader>00925njm 22002777a 4500</leader>
<datafield tag="042" ind1=" " ind2=" ">
<subfield code="a">dc</subfield>
</datafield>
<datafield tag="720" ind1=" " ind2=" ">
<subfield code="a">Martín Terán, David</subfield>
<subfield code="e">author</subfield>
</datafield>
<datafield tag="260" ind1=" " ind2=" ">
<subfield code="c">2022</subfield>
</datafield>
<datafield tag="520" ind1=" " ind2=" ">
<subfield code="a">Showroom es una aplicación web complementaria a la web onapp.infor.uva.es dónde son expuestas para cualquier usuario las aplicaciones realizadas por los alumnos de la escuela de ingeniería informática. Tendrán acceso a diferentes información de cada aplicación, en las cuales podrán dejar su propia opinión y acceder a su descarga fácilmente. También habrá administradores que modifiquen las aplicaciones a su cargo y un súper administrador que efectuará un control global del sistema.</subfield>
</datafield>
<datafield tag="024" ind2=" " ind1="8">
<subfield code="a">https://uvadoc.uva.es/handle/10324/57230</subfield>
</datafield>
<datafield tag="245" ind1="0" ind2="0">
<subfield code="a">Showroom - web de descarga y visualización de aplicaciones</subfield>
</datafield>
</record></metadata></record></GetRecord></OAI-PMH>